|
|
|
|
| LEADER |
00000nam0a2200000 4500 |
| 001 |
193554 |
| 005 |
20231031182004.0 |
| 035 |
|
|
|a (RuTPU)RU\TPU\book\211098
|
| 090 |
|
|
|a 193554
|
| 100 |
|
|
|a 20110324d1978 k y0rusy50 ca
|
| 101 |
0 |
|
|a rus
|
| 102 |
|
|
|a RU
|
| 105 |
|
|
|a a z 000zy
|
| 200 |
1 |
|
|a Космос, баллистика, человек
|f Ю. Ф. Авдеев
|
| 210 |
|
|
|a Москва
|c Советская Россия
|d 1978
|
| 215 |
|
|
|a 272 с.
|c ил.
|
| 610 |
1 |
|
|a космические аппараты
|
| 610 |
1 |
|
|a летательные аппараты
|
| 610 |
1 |
|
|a маневрирование
|
| 610 |
1 |
|
|a баллистика
|
| 610 |
1 |
|
|a космос
|
| 610 |
1 |
|
|a человек
|
| 610 |
1 |
|
|a системы управления
|
| 610 |
1 |
|
|a двигатели
|
| 610 |
1 |
|
|a маневры
|
| 610 |
1 |
|
|a краевые задачи
|
| 610 |
1 |
|
|a маневрирование
|
| 610 |
1 |
|
|a орбита
|
| 675 |
|
|
|a 629.78
|v 3
|
| 700 |
|
1 |
|a Авдеев
|b Ю. Ф.
|g Юрий Федорович
|
| 801 |
|
1 |
|a RU
|b 63413507
|c 20110324
|
| 801 |
|
2 |
|a RU
|b 63413507
|c 20160407
|g RCR
|
| 942 |
|
|
|c BK
|